| 000 | 00519cam a2200217ua 4500 | ||
|---|---|---|---|
| 001 | 7107 | ||
| 008 | 150623n ii |||gr||||Z||||||eng | ||
| 020 | _a9789382030409 | ||
| 040 | _cMAIN | ||
| 041 | _aeng | ||
| 082 | _a332.46 | ||
| 100 |
_aAhmed, Rofique, _eAuthor. |
||
| 245 |
_aMudratatta aru bitta bazar _cBy Rofique Ahmed |
||
| 250 | _a1st. | ||
| 260 |
_aJorhat: _bUnika, _c2013. |
||
| 300 | _a456p. | ||
| 653 | _aFinancial economics | ||
| 653 | _aMonetary theory | ||
| 653 | _aFinancial market | ||
| 942 | _cBK | ||
| 999 |
_c6234 _d6234 |
||